Movies Quiz

Random Movies or Book Quiz

The Hunger Games Chain (first book) Quiz Stats

 Plays Quiz not verified by Sporcle

Challenge
Share
Tweet
Embed
Score 0/17 Timer 08:00
0 Plays Today
Hint Answer % Correct
????
100%
????
78.7%
????
75.6%
????
73.2%
????
66.1%
????
59.1%
????
59.1%
????
51.2%
????
51.2%
Hint Answer % Correct
????
51.2%
????
51.2%
????
51.2%
????
48.8%
????
48%
????
47.2%
????
45.7%
????
43.3%

You're not logged in!

Compare scores with friends on all Sporcle quizzes.
Join for Free
OR
Log In

You Might Also Like...

Show Comments

Extras

Created Dec 23, 2013ReportNominate
Tags:Book Quiz, before, character, hunger

Top Quizzes Today


Score Distribution

Your Account Isn't Verified!

In order to create a playlist on Sporcle, you need to verify the email address you used during registration. Go to your Sporcle Settings to finish the process.

Report this User

Report this user for behavior that violates our Community Guidelines.

Details: